[Event "Heusenstamm Sparkassen op-A 6th"]
[Site "Heusenstamm"]
[Date "2019.11.24"]
[Round "6"]
[White "Browning, Rebecca"]
[Black "Midanka, Vladimir Josef"]
[Result "1-0"]
[WhiteElo "1895"]
[BlackElo "1775"]
[PlyCount "41"]
[EventDate "2019.11.21"]
[EventType "swiss"]
[EventRounds "7"]
[EventCountry "GER"]
[SourceTitle "CBM 194 Extra"]
[Source "ChessBase"]
[SourceDate "2020.03.31"]
[SourceVersion "1"]
[SourceVersionDate "2020.03.31"]
[SourceQuality "1"]

1. e4 c5 2. c3 Nc6 3. Nf3 e5 4. d4 cxd4 5. cxd4 Bb4+ 6. Nc3 exd4 7. Nxd4 Bxc3+ 8. bxc3 Qa5 9. Bd2 Nf6 10. Bd3 Ne5 11. Bc2 Nc4 12. 0-0 Nxd2 13. Qxd2 0-0 14. f4 d5 15. exd5 Qxd5 16. Rae1 Qd6 17. Qd3 Rd8 18. Re3 Bd7 19. Rd1 Bc6 20. Nxc6 Qxc6 21. Qxd8+ 1-0

[Event "Heusenstamm Sparkassen op-A 6th"]
[Site "Heusenstamm"]
[Date "2019.11.22"]
[Round "2"]
[White "Stumpf, Daniel"]
[Black "Midanka, Vladimir Josef"]
[Result "1-0"]
[WhiteElo "1947"]
[BlackElo "1775"]
[PlyCount "61"]
[EventDate "2019.11.21"]
[EventType "swiss"]
[EventRounds "7"]
[EventCountry "GER"]
[SourceTitle "CBM 194 Extra"]
[Source "ChessBase"]
[SourceDate "2020.03.31"]
[SourceVersion "1"]
[SourceVersionDate "2020.03.31"]
[SourceQuality "1"]

1. c4 g6 2. Nc3 Bg7 3. g3 Nf6 4. Bg2 d6 5. d3 Nbd7 6. Nf3 c6 7. Rb1 0-0 8. 0-0 Nc5 9. b4 Ne6 10. a4 d5 11. a5 Ng4 12. Qb3 d4 13. Na4 b5 14. axb6 axb6 15. h3 Nf6 16. Ne5 Bb7 17. Nxc6 Qc7 18. b5 Rfe8 19. Ba3 Nd8 20. c5 Nd7 21. Nxd8 Bxg2 22. Qxf7+ Kh8 23. Qxe8+ Nf8 24. cxb6 Qxd8 25. Qxd8 Rxd8 26. Kxg2 Ra8 27. b7 Rb8 28. Nc5 Be5 29. Rfc1 Kg7 30. Bb4 Bf6 31. Ra1 1-0

[Event "Heusenstamm Sparkassen op-A 5th"]
[Site "Heusenstamm"]
[Date "2018.11.23"]
[Round "3"]
[White "Midanka, Vladimir Josef"]
[Black "Azimi, Reza"]
[Result "0-1"]
[WhiteElo "1771"]
[BlackElo "2028"]
[PlyCount "150"]
[EventDate "2018.11.22"]
[EventType "swiss"]
[EventRounds "7"]
[EventCountry "GER"]
[SourceTitle "CBM 188 Extra"]
[Source "ChessBase"]
[SourceDate "2019.02.26"]
[SourceVersion "1"]
[SourceVersionDate "2019.02.26"]
[SourceQuality "1"]

1. Nf3 c5 2. e4 Nc6 3. Nc3 d6 4. d4 cxd4 5. Nxd4 Nf6 6. Be2 e6 7. 0-0 Be7 8. Kh1 a6 9. f4 Qb6 10. Nxc6 bxc6 11. e5 dxe5 12. fxe5 Nd7 13. Ne4 0-0 14. Nd6 Nxe5 15. Nxc8 Raxc8 16. Qe1 Rcd8 17. b3 Ng6 18. Bd3 a5 19. a4 Bh4 20. Be3 Qc7 21. Qe2 Be7 22. Qf2 c5 23. Bb5 Bd6 24. h3 Bg3 25. Qe2 Be5 26. Rad1 Bd4 27. Bc1 e5 28. Qe4 Ne7 29. Bc4 Qc6 30. Qh4 Nd5 31. Bd3 h6 32. Qe4 g6 33. Bxh6 f5 34. Qh4 e4 35. Bc4 Bf6 36. Bg5 Bxg5 37. Qxg5 Kg7 38. Rxf5 Rxf5 39. Qxd8 Nf6 40. Qe7+ Kh6 41. Rd6 Qe8 42. Qxe8 Nxe8 43. Re6 Nf6 44. Kg1 Kg5 45. g3 Rf3 46. Kg2 Rc3 47. Re5+ Kh6 48. Rxc5 Rxc2+ 49. Kf1 Nh5 50. g4 Nf4 51. Re5 Rc1+ 52. Kf2 Rxc4 53. Ke3 Ng2+ 54. Ke2 Rb4 55. Kf2 Nf4 56. Ke3 Nxh3 57. Rxa5 Rxb3+ 58. Kxe4 Nf2+ 59. Kf4 Rb4+ 60. Kg3 Nxg4 61. Ra8 Ne5 62. a5 Ra4 63. a6 Nc6 64. Kh3 Kg5 65. Kg3 Ra3+ 66. Kf2 Nb4 67. Rb8 Nxa6 68. Rb5+ Kg4 69. Rd5 g5 70. Rd4+ Kh3 71. Rd6 Nc5 72. Rh6+ Kg4 73. Rc6 Ne4+ 74. Ke2 Kf4 75. Rc2 Ra2 0-1

[Event "Rhein Main op-A 20th"]
[Site "Bad Homburg"]
[Date "2017.06.16"]
[Round "4"]
[White "Midanka, Vladimir Josef"]
[Black "Weil, Michael"]
[Result "1/2-1/2"]
[WhiteElo "1775"]
[BlackElo "1957"]
[PlyCount "63"]
[EventDate "2017.06.14"]
[EventType "swiss"]
[EventRounds "7"]
[EventCountry "GER"]
[SourceTitle "EXT 2018"]
[Source "ChessBase"]
[SourceDate "2017.10.13"]
[SourceVersion "1"]
[SourceVersionDate "2017.10.13"]
[SourceQuality "1"]

1. d4 d5 2. c4 e6 3. Nc3 f5 4. Nf3 Nf6 5. g3 c6 6. c5 b6 7. b4 a5 8. Na4 Nfd7 9. Bg5 Be7 10. Bxe7 Qxe7 11. a3 bxc5 12. bxc5 e5 13. Nxe5 Nxe5 14. dxe5 Qxe5 15. Rc1 Nd7 16. Rc3 0-0 17. Re3 Qf6 18. Bg2 Rb8 19. 0-0 Rb5 20. Qc2 Ba6 21. Rc1 Rfb8 22. Bf1 R5b7 23. Rf3 g6 24. e3 Bxf1 25. Kxf1 Ne5 26. Rf4 Nc4 27. Rxc4 dxc4 28. Qxc4+ Qf7 29. Qxf7+ Kxf7 30. Nb6 Ke6 31. Ke2 Rxb6 32. cxb6 1/2-1/2

[Event "Frankfurt-chA"]
[Site "Frankfurt"]
[Date "2017.05.29"]
[Round "6"]
[White "Midanka, Vladimir Josef"]
[Black "Froehlich Dill, Astrid"]
[Result "0-1"]
[WhiteElo "1705"]
[BlackElo "1810"]
[PlyCount "114"]
[EventDate "2017.04.24"]
[EventType "swiss"]
[EventRounds "7"]
[EventCountry "GER"]
[SourceTitle "EXT 2018"]
[Source "ChessBase"]
[SourceDate "2017.10.13"]
[SourceVersion "1"]
[SourceVersionDate "2017.10.13"]
[SourceQuality "1"]

1. e4 e6 2. d4 b6 3. Bd3 Bb7 4. Nf3 Nf6 5. Qe2 Be7 6. Bg5 h6 7. Bh4 c5 8. c3 cxd4 9. Nxd4 0-0 10. Nd2 Nc6 11. N2f3 Nh5 12. Bxe7 Qxe7 13. Qe3 Nxd4 14. Nxd4 Qf6 15. g3 Qe7 16. Rg1 d5 17. e5 g5 18. h4 f5 19. exf6 Qxf6 20. hxg5 Qxg5 21. Qxg5+ hxg5 22. Rh1 Ng7 23. Bh7+ Kf7 24. 0-0-0 Ke7 25. Rhf1 Rf6 26. Bd3 Raf8 27. Rd2 e5 28. Re2 e4 29. Bb5 a6 30. Ba4 Kd6 31. Kd1 Nf5 32. Nxf5+ Rxf5 33. Ke1 Rh8 34. Bc2 a5 35. Rd2 Ba6 36. Rg1 Re5 37. Bb3 Kc5 38. a3 Rh2 39. Kd1 Rf5 40. Ke1 Bc4 41. Bc2 Rf3 42. b3 Bd3 43. Bxd3 exd3 44. Rf1 g4 45. Kd1 b5 46. Kc1 Rg2 47. Rfd1 a4 48. Rxd3 Rxd3 49. Rxd3 axb3 50. Rd4 Rxf2 51. Rxg4 Ra2 52. Rb4 Rc2+ 53. Kb1 Rxc3 54. g4 Rg3 55. Kb2 d4 56. g5 Rxg5 57. Rxb3 Rg2+ 0-1

[Event "Frankfurt-chA"]
[Site "Frankfurt"]
[Date "2017.05.08"]
[Round "3"]
[White "Winand, Edgar"]
[Black "Midanka, Vladimir Josef"]
[Result "1-0"]
[WhiteElo "1872"]
[BlackElo "1705"]
[PlyCount "79"]
[EventDate "2017.04.24"]
[EventType "swiss"]
[EventRounds "7"]
[EventCountry "GER"]
[SourceTitle "EXT 2018"]
[Source "ChessBase"]
[SourceDate "2017.10.13"]
[SourceVersion "1"]
[SourceVersionDate "2017.10.13"]
[SourceQuality "1"]

1. g4 d5 2. Bg2 Bxg4 3. c4 d4 4. Bxb7 Nd7 5. Bxa8 Qxa8 6. f3 d3 7. Nc3 e6 8. Ne4 Be7 9. h4 Ngf6 10. Nf2 dxe2 11. Qxe2 Bf5 12. d3 Nh5 13. Ne4 Ne5 14. Rh2 Qd8 15. d4 Qxd4 16. Be3 Nd3+ 17. Kf1 Qxc4 18. Qc2 Qa6 19. Ne2 0-0 20. Rd1 Ne5 21. Kf2 Qb7 22. Rd4 c5 23. Ra4 a6 24. Qb3 Qc6 25. Qa3 Ra8 26. Rh1 Qb7 27. Bxc5 Bxc5+ 28. Nxc5 Qd5 29. Rd4 Qc6 30. Rc1 h6 31. Rc3 Qe8 32. Ne4 Ng6 33. Nd6 Qb8 34. Qb3 Qa7 35. Qb7 Qxb7 36. Nxb7 Ne5 37. Ke3 Nf6 38. Ra3 Nd5+ 39. Kf2 Nc6 40. Rda4 1-0

[Event "Frankfurt-chA"]
[Site "Frankfurt"]
[Date "2017.04.24"]
[Round "1"]
[White "Midanka, Vladimir Josef"]
[Black "Seickel, Ralf"]
[Result "0-1"]
[WhiteElo "1705"]
[BlackElo "2047"]
[PlyCount "88"]
[EventDate "2017.04.24"]
[EventType "swiss"]
[EventRounds "7"]
[EventCountry "GER"]
[SourceTitle "EXT 2018"]
[Source "ChessBase"]
[SourceDate "2017.10.13"]
[SourceVersion "1"]
[SourceVersionDate "2017.10.13"]
[SourceQuality "1"]

1. d4 Nf6 2. Nc3 d5 3. Nf3 c5 4. dxc5 e6 5. Bg5 h6 6. Bh4 Qa5 7. Bxf6 gxf6 8. Qd4 Nc6 9. Qa4 Qxa4 10. Nxa4 Nb4 11. Kd2 Bd7 12. Nc3 Bxc5 13. e3 a6 14. a3 Nc6 15. Re1 0-0-0 16. Kc1 Ne5 17. Nd4 Ng4 18. Re2 f5 19. h3 Nf6 20. Nf3 Bd6 21. Kb1 e5 22. Rd2 Be6 23. Be2 Ne4 24. Nxe4 fxe4 25. Ne1 f5 26. c3 f4 27. Nc2 Rhg8 28. Bg4 Bxg4 29. hxg4 Bc5 30. Rxh6 Rxg4 31. exf4 Rxf4 32. Ne3 Rxf2 33. Rxf2 Bxe3 34. Rff6 Bxh6 35. Rxh6 Kd7 36. Rg6 Rf8 37. Rg3 Rf1+ 38. Kc2 Rf2+ 39. Kc1 Ke6 40. b3 Kf5 41. Rg7 e3 42. Kd1 Ke4 43. Ke1 Kd3 44. Rg3 Ra2 0-1

[Event "Heusenstamm Sparkassen op-A 3rd"]
[Site "Heusenstamm"]
[Date "2016.11.27"]
[Round "7"]
[White "Midanka, Vladimir Josef"]
[Black "Draxler, Gottfried"]
[Result "1-0"]
[WhiteElo "1752"]
[BlackElo "1829"]
[PlyCount "115"]
[EventDate "2016.11.24"]
[EventType "swiss"]
[EventRounds "7"]
[EventCountry "GER"]
[SourceTitle "EXT 2018"]
[Source "ChessBase"]
[SourceDate "2017.10.13"]
[SourceVersion "1"]
[SourceVersionDate "2017.10.13"]
[SourceQuality "1"]

1. Nf3 Nf6 2. d4 d5 3. Bf4 e6 4. h3 c5 5. e3 Nc6 6. c3 Be7 7. Bd3 c4 8. Bc2 b5 9. Nbd2 Bb7 10. 0-0 0-0 11. Ng5 h6 12. Ngf3 Bd6 13. Bxd6 Qxd6 14. e4 dxe4 15. Nxe4 Nxe4 16. Bxe4 Nd8 17. Bxb7 Nxb7 18. Ne5 Qd5 19. Qg4 Nd6 20. Nd7 f5 21. Qh5 Rf7 22. Ne5 Re7 23. Rfe1 Rf8 24. Re2 Rf6 25. Rae1 Kh7 26. Qf3 Qxf3 27. Nxf3 Ne4 28. Ne5 Kg8 29. Kh2 Ng5 30. h4 Nh7 31. g3 Nf8 32. h5 Rb7 33. a3 Rb6 34. Kg2 Rd6 35. f3 a5 36. a4 b4 37. Nxc4 Rd5 38. Re5 bxc3 39. bxc3 Kf7 40. Nxa5 Nd7 41. Rxd5 exd5 42. Ra1 Rb6 43. Ra3 Rb2+ 44. Kf1 Nb6 45. Nc6 Nc4 46. Ne5+ Ke6 47. Nxc4 dxc4 48. a5 Rb3 49. Ra1 Rb7 50. a6 Ra7 51. Ra5 Kf6 52. f4 Ke6 53. Ke2 Kf6 54. Kf3 g6 55. hxg6 Kxg6 56. g4 fxg4+ 57. Kxg4 Kg7 58. f5 1-0

[Event "Frankfurt-chA"]
[Site "Frankfurt"]
[Date "2016.05.30"]
[Round "5"]
[White "Midanka, Vladimir Josef"]
[Black "Bratmann, Marc"]
[Result "0-1"]
[WhiteElo "1752"]
[BlackElo "1601"]
[PlyCount "56"]
[EventDate "2016.04.25"]
[EventType "swiss"]
[EventRounds "9"]
[EventCountry "GER"]
[SourceTitle "EXT 2018"]
[Source "ChessBase"]
[SourceDate "2017.10.13"]
[SourceVersion "1"]
[SourceVersionDate "2017.10.13"]
[SourceQuality "1"]

1. Nf3 d5 2. e4 dxe4 3. Ng5 Nf6 4. Nc3 Bf5 5. Qe2 Nc6 6. Qb5 Qc8 7. Qa4 a6 8. Ngxe4 Nxe4 9. Nxe4 b5 10. Nf6+ exf6 11. Bxb5 axb5 12. Qxb5 Bd7 13. 0-0 Be7 14. Re1 0-0 15. Qc4 Ne5 16. Qc3 Bd6 17. d4 Ng6 18. a3 Qb7 19. Bd2 Qd5 20. Be3 Bc6 21. f3 Rfe8 22. Qd2 Qh5 23. g4 Qh3 24. d5 Nh4 25. Rf1 Bxd5 26. Rac1 Nxf3+ 27. Rxf3 Qxf3 28. Rf1 Qxe3+ 0-1

[Event "Frankfurt-chA"]
[Site "Frankfurt"]
[Date "2016.05.09"]
[Round "3"]
[White "Midanka, Vladimir Josef"]
[Black "Kolker, Vladislav"]
[Result "0-1"]
[WhiteElo "1752"]
[BlackElo "1957"]
[PlyCount "92"]
[EventDate "2016.04.25"]
[EventType "swiss"]
[EventRounds "9"]
[EventCountry "GER"]
[SourceTitle "EXT 2018"]
[Source "ChessBase"]
[SourceDate "2017.10.13"]
[SourceVersion "1"]
[SourceVersionDate "2017.10.13"]
[SourceQuality "1"]

1. d4 Nf6 2. c4 g6 3. Nc3 Bg7 4. e4 d6 5. f4 0-0 6. Nf3 c5 7. d5 e6 8. Be2 exd5 9. cxd5 b5 10. Bxb5 Nxe4 11. Nxe4 Qa5+ 12. Nc3 Bxc3+ 13. bxc3 Qxb5 14. Kf2 Nd7 15. Qb3 Ba6 16. Qxb5 Bxb5 17. f5 Nf6 18. Nd2 Bd3 19. c4 Bxf5 20. Bb2 Nd7 21. Rhe1 Rfe8 22. a4 Bd3 23. a5 Rab8 24. Bc3 f5 25. Rxe8+ Rxe8 26. Re1 Rxe1 27. Kxe1 Ne5 28. Bxe5 dxe5 29. g3 e4 30. Kf2 Kf7 31. Ke3 Kf6 32. h4 h6 33. Kf4 g5+ 34. Ke3 Ke5 35. hxg5 hxg5 36. Nb3 f4+ 37. gxf4+ gxf4+ 38. Kf2 Bxc4 39. Nxc5 e3+ 40. Ke1 Kxd5 41. Nd7 Ke6 42. Nc5+ Kf5 43. Nb7 Ke5 44. Nc5 f3 45. Nd7+ Kd4 46. Kd1 f2 0-1

[Event "Heusenstamm Sparkassen op-A 2nd"]
[Site "Heusenstamm"]
[Date "2015.11.28"]
[Round "4"]
[White "Midanka, Vladimir Josef"]
[Black "Lessmann, Sven"]
[Result "1-0"]
[WhiteElo "1700"]
[BlackElo "1593"]
[PlyCount "101"]
[EventDate "2015.11.26"]
[EventType "swiss"]
[EventRounds "7"]
[EventCountry "GER"]
[SourceTitle "EXT 2018"]
[Source "ChessBase"]
[SourceDate "2017.10.13"]
[SourceVersion "1"]
[SourceVersionDate "2017.10.13"]
[SourceQuality "1"]

1. Nf3 Nf6 2. d4 g6 3. c4 Bg7 4. Nc3 d6 5. e4 0-0 6. Be2 Nbd7 7. 0-0 e5 8. dxe5 Nxe5 9. Nxe5 dxe5 10. Bg5 Qe8 11. Qd2 b6 12. Rad1 Bb7 13. f3 Rd8 14. Qc1 c6 15. Rxd8 Qxd8 16. Rd1 Qc7 17. Qd2 Ne8 18. Bd8 Qb8 19. Be7 Nc7 20. Bxf8 Bxf8 21. Qd8 Qxd8 22. Rxd8 Ne6 23. Rd7 Nc5 24. Rd2 a5 25. a3 a4 26. Rd8 Kg7 27. Bd1 Ba6 28. Be2 Be7 29. Ra8 Bb7 30. Rb8 Bg5 31. Kf2 Bc1 32. Nd1 Bd2 33. h4 h6 34. g3 Ba5 35. Re8 Kf6 36. g4 Ba6 37. g5+ hxg5 38. hxg5+ Kxg5 39. Rxe5+ Kf4 40. Re7 f6 41. Rc7 Bb7 42. Rg7 g5 43. Re7 Bc8 44. e5 fxe5 45. Rf7+ Bf5 46. Ne3 Be1+ 47. Kxe1 Kxe3 48. Rxf5 e4 49. fxe4 Nxe4 50. Re5 Kd4 51. Re6 1-0

[Event "Heusenstamm Sparkassen op-A 2nd"]
[Site "Heusenstamm"]
[Date "2015.11.26"]
[Round "1"]
[White "Midanka, Vladimir Josef"]
[Black "Kolker, Vladislav"]
[Result "0-1"]
[WhiteElo "1700"]
[BlackElo "2029"]
[PlyCount "106"]
[EventDate "2015.11.26"]
[EventType "swiss"]
[EventRounds "7"]
[EventCountry "GER"]
[SourceTitle "EXT 2018"]
[Source "ChessBase"]
[SourceDate "2017.10.13"]
[SourceVersion "1"]
[SourceVersionDate "2017.10.13"]
[SourceQuality "1"]

1. d4 Nf6 2. c4 g6 3. Nc3 Bg7 4. e4 d6 5. Be2 0-0 6. f4 c5 7. d5 b5 8. cxb5 a6 9. g4 axb5 10. g5 Ne8 11. h4 b4 12. Nb1 e6 13. h5 exd5 14. hxg6 hxg6 15. Qxd5 Nc7 16. Qd3 d5 17. Qg3 dxe4 18. Qh4 Re8 19. Nd2 Nc6 20. Nc4 Nd4 21. Qh7+ Kf8 22. Ne3 Nd5 23. Ng4 Bxg4 24. Bxg4 Nc2+ 25. Kf1 Nxa1 26. f5 Ra6 27. f6 Nxf6 28. gxf6 Qxf6+ 29. Kg2 Nc2 30. Ne2 e3 31. Rf1 Qg5 32. Kh3 Rxa2 33. Nf4 Ra6 34. Ng2 Qh6+ 35. Qxh6 Bxh6 36. Rh1 f5 37. Be2 Rd6 38. Nh4 Nd4 39. Bc4 g5 40. Ng2 Kg7 41. Kg3 f4+ 42. Kg4 Nc6 43. Bb5 Ne5+ 44. Kf5 Re7 45. b3 Rf6+ 46. Ke4 Kg6 47. Bb2 Nc4+ 48. Kd5 Nxb2 49. Ne1 f3 50. Nd3 Nxd3 51. Bxd3+ Kg7 52. Kxc5 e2 53. Re1 g4 0-1

[Event "Rhein Main op-A 18th"]
[Site "Bad Homburg"]
[Date "2015.06.05"]
[Round "4"]
[White "Midanka, Vladimir Josef"]
[Black "Held, Carsten"]
[Result "0-1"]
[WhiteElo "1814"]
[BlackElo "2055"]
[PlyCount "108"]
[EventDate "2015.06.03"]
[EventType "swiss"]
[EventRounds "7"]
[EventCountry "GER"]
[SourceTitle "CBM 167 Extra"]
[Source "ChessBase"]
[SourceDate "2015.09.14"]
[SourceVersion "1"]
[SourceVersionDate "2015.09.14"]
[SourceQuality "1"]

1. Nf3 Nf6 2. d4 g6 3. c4 c5 4. d5 b5 5. cxb5 a6 6. Nc3 d6 7. g3 axb5 8. Nxb5 Qa5+ 9. Nc3 Bg7 10. Bg2 Nbd7 11. 0-0 0-0 12. e4 Ba6 13. Re1 Ng4 14. Bd2 Qb6 15. Bh3 Nge5 16. Bxd7 Nxd7 17. Qc2 Qc7 18. Ne2 Nb6 19. Bc3 Bh6 20. Bd2 Bg7 21. Ned4 Nc4 22. Nc6 Bxb2 23. Bc3 Bxc3 24. Qxc3 Bb5 25. Qc1 Ra4 26. Qh6 f6 27. e5 Bxc6 28. exf6 exf6 29. dxc6 Ne5 30. Nxe5 fxe5 31. Re2 Qxc6 32. h4 Rf5 33. a3 Qb7 34. Raa2 Rd4 35. Qc1 Qd5 36. Red2 c4 37. a4 Qc5 38. a5 d5 39. a6 Rf7 40. Rdb2 Rd3 41. Rb8+ Kg7 42. Rb7 Rxg3+ 43. Kh2 Rgf3 44. Qg1 Rxb7 45. axb7 Rb3 46. b8Q Rxb8 47. h5 Qd4 48. Qg5 Qf4+ 49. Qxf4 exf4 50. hxg6 hxg6 51. Kh3 c3 52. Kg4 Rc8 53. Rc2 d4 54. Kxf4 d3 0-1

[Event "Rhein Main op-A 18th"]
[Site "Bad Homburg"]
[Date "2015.06.04"]
[Round "2"]
[White "Altenbernd, Dirk"]
[Black "Midanka, Vladimir Josef"]
[Result "1/2-1/2"]
[WhiteElo "1995"]
[BlackElo "1814"]
[PlyCount "122"]
[EventDate "2015.06.03"]
[EventType "swiss"]
[EventRounds "7"]
[EventCountry "GER"]
[SourceTitle "CBM 167 Extra"]
[Source "ChessBase"]
[SourceDate "2015.09.14"]
[SourceVersion "1"]
[SourceVersionDate "2015.09.14"]
[SourceQuality "1"]

1. c4 Nf6 2. Nc3 g6 3. e4 d6 4. g3 Bg7 5. Bg2 c5 6. Nge2 Nc6 7. d3 Nd7 8. 0-0 0-0 9. Be3 Nb6 10. Qd2 f5 11. b3 e6 12. Bh6 Qe7 13. Bxg7 Kxg7 14. f4 Qf6 15. Kh1 a6 16. a4 Nd4 17. Rab1 Nxe2 18. Nxe2 Qd8 19. d4 Nd7 20. e5 Qc7 21. Qb2 Kg8 22. Rbd1 Rb8 23. d5 dxe5 24. d6 Qa5 25. fxe5 b5 26. axb5 axb5 27. cxb5 Qxb5 28. Nf4 Bb7 29. Nxe6 Bxg2+ 30. Qxg2 Rfc8 31. Nc7 Qxb3 32. Rb1 Qd3 33. Rbd1 Qb3 34. e6 Nf8 35. e7 Nd7 36. e8Q+ Rxe8 37. Nxe8 Rxe8 38. Qc6 Qe6 39. Rde1 Qf7 40. Rb1 Rd8 41. Rfe1 Re8 42. Ra1 Kg7 43. Kg1 Kh6 44. Rxe8 Qxe8 45. Kf2 Qe5 46. Qa4 Nf6 47. Qh4+ Nh5 48. Rd1 Qb2+ 49. Ke1 Qc3+ 50. Rd2 Qe3+ 51. Kd1 Qb3+ 52. Ke2 g5 53. Qh3 Qc4+ 54. Kd1 Qb3+ 55. Kc1 Qc3+ 56. Kd1 Qf3+ 57. Kc2 Qe4+ 58. Kc1 Qe1+ 59. Kc2 Qe4+ 60. Kd1 Qf3+ 61. Kc2 Qe4+ 1/2-1/2

[Event "Frankfurt-chA"]
[Site "Frankfurt"]
[Date "2013.05.27"]
[Round "4"]
[White "Midanka, Vladimir Josef"]
[Black "Steiz, Johann"]
[Result "1-0"]
[WhiteElo "1509"]
[BlackElo "1603"]
[PlyCount "57"]
[EventDate "2013.04.29"]
[EventType "swiss"]
[EventRounds "7"]
[EventCountry "GER"]
[SourceTitle "EXT 2014"]
[Source "ChessBase"]
[SourceDate "2013.11.20"]
[SourceVersion "1"]
[SourceVersionDate "2013.11.20"]
[SourceQuality "1"]

1. Nf3 Nf6 2. d4 e6 3. c4 b6 4. g3 Ba6 5. b3 Bb4+ 6. Bd2 Bxd2+ 7. Nbxd2 Bb7 8. Bg2 d6 9. 0-0 0-0 10. Re1 Nbd7 11. Qc2 d5 12. Ne5 Nxe5 13. dxe5 Nd7 14. Nf3 c5 15. e3 Qc7 16. Ng5 g6 17. f4 h6 18. Nxe6 fxe6 19. Qxg6+ Kh8 20. Qxh6+ Kg8 21. Qxe6+ Kg7 22. cxd5 Rae8 23. Qg4+ Kh8 24. Qh5+ Kg7 25. Be4 Rh8 26. Qg6+ Kf8 27. d6 Bxe4 28. Qxe4 Qb8 29. Qf5+ 1-0

[Event "Frankfurt-ch"]
[Site "Frankfurt"]
[Date "2011.05.09"]
[Round "2"]
[White "Lehmann, Gerit"]
[Black "Midanka, Vladimir Josef"]
[Result "1/2-1/2"]
[WhiteElo "1471"]
[BlackElo "1712"]
[PlyCount "69"]
[EventDate "2011.05.02"]
[EventType "swiss"]
[EventRounds "7"]
[EventCountry "GER"]
[SourceTitle "EXT 2012"]
[Source "ChessBase"]
[SourceDate "2011.11.24"]
[SourceVersion "1"]
[SourceVersionDate "2011.11.24"]
[SourceQuality "1"]

1. d4 Nf6 2. Nf3 g6 3. e3 d6 4. Be2 Bg7 5. b3 0-0 6. 0-0 Nc6 7. Bb2 Ne4 8. Nfd2 Nf6 9. Nf3 e6 10. Nbd2 b6 11. c3 Bb7 12. Rc1 Ne7 13. Ne1 Nd7 14. Bf3 c6 15. Ba3 Nf6 16. Ne4 Ne8 17. Nd2 Ba6 18. Be2 Bb7 19. Nd3 Rc8 20. Rc2 Qc7 21. f4 Nf5 22. Kf2 c5 23. e4 Ne7 24. dxc5 dxc5 25. c4 Rd8 26. Bb2 Nd6 27. Bxg7 Kxg7 28. Bf3 f6 29. Kg1 Nf7 30. Qe2 Rd4 31. e5 Rfd8 32. exf6+ Kxf6 33. Bxb7 Qxb7 34. Ne5 Qc7 35. Ne4+ 1/2-1/2